On revolutionary nationalism, the legacy of Cabral /

Guardado en:
Bibliografiske detaljer
Hovedforfatter: Davidson, Basil
Format: Bog
Sprog:English
Udgivet: California: Sage, 1984.
Online adgang:http://www.jstor.org/stable/2633519?seq=1#page_scan_tab_contents
Tags: Tilføj Tag
Ingen Tags, Vær først til at tagge denne postø!

MARC

LEADER 00000nam a22000007a 4500
008 150701b14 us ||||| |||| 00| b eng d
100 1 |a Davidson, Basil 
245 1 0 |a On revolutionary nationalism, the legacy of Cabral /  |c Basil Davidson 
260 |a California:  |b Sage,  |c 1984. 
300 |a 15-42 páginas 
773 1 |g Volumen 11, número 2, Unity and struggle: Reassessing the thought of Amilcar Cabral (Spring, 1984), páginas 15-42  |t Latin American Perspectives 
856 3 0 |u http://www.jstor.org/stable/2633519?seq=1#page_scan_tab_contents 
942 |2 ddc  |c ARC 
999 |c 4346  |d 4346